000 00563nam a2200193 i 4500
001 34059
003 ES-MaACL
005 20230906154853.0
008 161027 1989 fr af |||| |dfre d
020 _a2-7152-1622-X
080 _a615.214
100 1 _aMichaux, Henri.
_980881
245 1 2 _aL'infini turbulent /
_cHenri Michaux.
250 _aEd. rev. et augm.
260 _aParis :
_bMercure de France,
_c1989.
300 _a235 p., [8] p. de lám. ;
_c21 cm.
650 4 _aAlucinógenos.
_99746
852 _aES-MaACL
_jL-30716
_z. - Donat. Miguel A. Velasco
999 _c34059
_d34059